| 000 | 00352nam a2200145Ia 4500 | ||
|---|---|---|---|
| 008 | 150301s2012 xx 000 0 und d | ||
| 082 |
_a610.7367 _bP12B |
||
| 100 | _aBEEVI, ASSUMA | ||
| 245 | _aPEDIATRIC NURSING CARE PLANS | ||
| 250 | _a9th | ||
| 260 |
_bJAYPEE MEDICAL PUB. _c2012 |
||
| 300 | _a359 | ||
| 650 | _aPEDIATRIC NURSING | ||
| 942 |
_2ddc _cBK |
||
| 999 |
_c6796 _d6796 |
||